000 03773nam0a2200517 4500
001 RU\NLR\BIBL_A\012009213
005 20251226105221.0
020 _aRU
_9Ленинград в Великой Отечественной войне. Коллекция. Афиши
035 _a(NLR Aleph) 012009213
090 _a48130
_c48130
100 _a20190514d1945 u y0rusy50 ca
101 0 _arus
102 _aRU
105 _ay z 000zy
135 _acrcn 024anaba
200 1 _a1-й концерт третьего абонемента, суббота, 3 февраля 1945 г.
_eучаствуют: Заслуженный коллектив Республики Симфонический оркестр Филармонии. Дирижер - заслуженный деятель искусств К. И. Элиасберг. Солисты И. А. Нечаев (заслуженный артист РСФСР), К. Г. Семизорова (лауреат Всесоюзного конкурса)
_e[афиша]
_fЛенинградская государственная ордена Трудового Красного Знамени Филармония, Большой зал
210 _a[Ленинград]
_cТЛ-1
_d1945
215 _a1 л.
_d55х70
300 _aНачало концерта в 8 час. 30 мин. веч. Действителен талон № 1 третьего абономента. Билеты продаются в кассе Филармонии ежедневно с 11 час. утра до 3 час. дня и с 4 час. дня до 8 час. вечера
300 _aЗаказ 722
325 _aКопия доступна в Электрон. б-ке РНБ
327 1 _aПрограмма: Раков - Симфония; Чайковский - Дуэт Ромео и Джульетты; Чайковский - "Франческа да Римини" (симфоническая поэма по Данте)
606 1 _aТеатральная жизнь
_yЛенинград, город
_z1941 - 1944
_jАфиши
_2nlr_sh2
_3RU\NLR\AUTH\6601649837
686 _aЩ333(2Р=Рус)7-692Ленинград
702 1 _aЭлиасберг
_bК.И.
_cдирижер
_f1907-1978
_gКарл Ильич
_3RU\NLR\AUTH\770162896
_4250
702 1 _aНечаев
_bИ.А.
_cпевец, педагог
_f1900-1963
_gИван Алексеевич
_3RU\NLR\AUTH\770202334
_4721
702 1 _aСемизорова
_bК. Г.
_cпевица
_gКира Георгиевна
_3RU\NLR\AUTH\770202638
_4721
711 0 2 _aЛенинградская филармония
_bСимфонический оркестр
_3RU\NLR\AUTH\889946349
712 0 2 _aЛенинградская филармония им. Д. Д. Шостаковича
_bБольшой зал
_3RU\NLR\AUTH\880496902
_4570
852 _aNLR
_jЛ3-330а/4/3/1945-февр.(6)
856 0 _uhttp://vivaldi.nlr.ru/la700000778/view
856 1 _uhttp://vivaldi.nlr.ru/la700000778/cover
856 2 _uhttp://vivaldi.nlr.ru/la700000778/text
942 _cVISUAL
945 _aРоссийская национальная библиотека
980 3 _akplen
980 3 _akp
980 _aNB
980 _aBV
981 3 7 _a(37) Ленинград в Великой Отечественной войне
_b(37) Афиши блокадного Ленинграда